Регионална библиотека "Любен Каравелов" - Русе

Избрани творби (Запис номер 206429)

MARC детайли
000 -Лидер
Контролно поле с фиксирана дължина nam a22 a 4500
003 - Код на организацията, давaща контролен номер
Контролно поле BLK
005 - Дата и час на последна редакция
Контролно поле 20221212144405.0
008 - Елементи от данни с фиксирана дължина
fixed length control field 180411b bul|||||r ||||||| ||bul||
010 ## - Наследен системен номер
LC control number KNG00216178000
040 ## - Източник на каталожния запис
Идентификатор на билиотеката - собственик на записа BLK
041 ## - Код за език
Код за езика на текст/звукозапис или на отделно заглавие Български
Код за езика КДБФ Български
080 ## - УДК
Текстов определител УДК Руска литература
УДК код - определител по УДК 821.161.1
УДК определител (081)
УДК - код + определител 821.161.1(081)
080 ## - УДК
Текстов определител УДК Руска литература
УДК код - определител по УДК 821.161.1
УДК определител -34
УДК - код + определител 821.161.1-34
080 ## - УДК
Текстов определител УДК Руска литература
УДК код - определител по УДК 821.161.1
УДК определител -31
УДК - код + определител 821.161.1-31
100 1# - Редна дума - Автор
Автор Салтиков-Шчедрин, Михаил Евграфович
Авторска отговорност първи автор
R(LIN) 322217
139 ## - Редно поле
Редна дума Салтиков-Шчедрин, Михаил Евграфович
Авторски знак Сал - С 15
245 10 - Сведения за заглавието
Заглавие Избрани творби
Подзаглавни данни В 6 т.
Редно поле (дума) Михаил Евграфович Салтиков-Шчедрин; с предг. от Веселин Йосифов; ред. кол. Кузман Петров Савов; прев. на том Кузман Петров Савов, Иван Бояджиев.
Том Т. 6
Заглавие на том Приказки
257 ## - Страна на издаване
Страна на създаване/издаване Русия
260 ## - Област на издателските данни
Място на издаване, разпространение и проч. София
Име на издателя, разпространителя и проч. Нар. култура
Година на издаване 1979 -
300 ## - Физическа характеристика
Размери/Мащаб 21 см
380 ## - Жанр
Жанр Худож. лит.
505 ## - Форматирана забележка
Подзаглавни данни Роман
Заглавие Пошехонското старо време
700 1# - Други автори (авторска отговорност)
Лично име Йосифов, Веселин
Автороска отговорност (Описва отношението между автора и произведението) с предг. от
9 (RLIN) 367377
700 1# - Други автори (авторска отговорност)
Лично име Савов, Кузман Петров
9 (RLIN) 382541
700 1# - Други автори (авторска отговорност)
Лично име Савов, Кузман Петров
9 (RLIN) 382541
700 1# - Други автори (авторска отговорност)
Лично име Бояджиев, Иван
Автороска отговорност (Описва отношението между автора и произведението) прев. на том
9 (RLIN) 377171
760 1# - Описание на основната серия
Редна дума на основното описание Салтиков-Шчедрин, Михаил Евграфович
Място на издаване, издател и година София
Страници - том 747 с. : 1 л. портр.
Забележка - том Съдържа и М. Е. Салтиков-Шчедрин в България / Петко Троев. - Прев. от Собрание сочинений в 20 т. Т. 16. Москва, 1971-1977
Заглавие Избрани творби
Издание 1980
Част - том Т. 6 Приказки
852 ## - Местоположение
Форматна сигнатура Цб 99778
856 4# - Електронен адрес и достъп
Електронен формат pdf - файл
Инструкция (цена за достъп) 0.00
Права за достъп disable
856 4# - Електронен адрес и достъп
Електронен формат pdf - файл
Инструкция (цена за достъп) 0.00
Права за достъп disable
999 ## - СИСТЕМНИ КОНТРОЛНИ НОМЕРА
Koha biblionumber 206429
Koha biblioitemnumber 206429
942 ## - АРТИКУЛИ
Вид на библиотечния материал Книги
Скрит в OPAC Не
Периодичен библиозапис Да
944 ## - СЪЗДАВАНЕ И РЕДАКЦИЯ на ЗАПИСА
Създаване/Редакция Създаване
Дата на регистрацията/редакция 21.02.2018
Служител, извършил регистрацията/редакцията Кети_Илиева
944 ## - СЪЗДАВАНЕ И РЕДАКЦИЯ на ЗАПИСА
Създаване/Редакция Редакция
Дата на регистрацията/редакция 2022-11-29
Служител, извършил регистрацията/редакцията ир
999 ## - СИСТЕМНИ КОНТРОЛНИ НОМЕРА
Koha biblioitemnumber 206429
999 ## - СИСТЕМНИ КОНТРОЛНИ НОМЕРА
Koha biblioitemnumber 206429
Наличности
Код за отписване Код за изгубен артикул Източник на класификационната схема Код за повреда Коз за рестрикции Код за отдаване Артикулен № Име на библиотеката - собственик Име на библиотеката, в която се намира в момента Статус (Текущо местоположение) Дата на вписване в системата Местоположение - отдел Цена в лева Инвентарен номер Систематично азбучна сигнатура Баркод Номер на екземпляра Цена в евро Служебна бележка Служебен тип на артикула
  Не е изгубен Universal Decimal Classification Не е повреден само за читалня ползва се в читалня 355236 Регионална библиотека "Любен Каравелов" Русе Регионална библиотека "Любен Каравелов" Русе Хранилище 1980-01-01 Хранилище 5.29 317923 Цб 99778 120000317923 1 2.70 Вид: Сф Дата: 01.01.1980 Книги
  Не е изгубен Universal Decimal Classification Не е повреден без рестрикции заемане за дома 355237 Регионална библиотека "Любен Каравелов" Русе Регионална библиотека "Любен Каравелов" Русе Заемна - подръчен фонд 1980-01-01 Заемна - подръчен фонд 5.29 318551 П 882(081)/С 15 120000318551 2 2.70 Вид: Сф Дата: 01.01.1980 Дата инв: 21.02.2018 Бележки инв: П2018 Книги
Vip Innovations Ltd, Rousse, Bulgaria 2025